000
00308nam a2200133Ia 4500
008
231129s1980||||xx |||||||||||||| ||spa||
040
_b
spa
082
_a
618.92855 J71p
100
_a
Johnson Wendell
245
0
_a
Problemas del habla infantil
260
_c
1980
264
_a
Kapelusz
942
_2
ddc
_c
BKS
999
_c
23266
_d
23266